00634nam a2200169 a 450000100100000000500170001000800410002704000250006808200130009310000280010624501120013426000540024630000210030004900090032195201170033099900170044700002587420200930024122.0110223s196u xxu r 000 0 spa d aDO-SdBNPbspacBNPHU ann*bnn*1 aRobertson, A. T.95272410aepocas en la vida de Jesus :bun estudio del desarrollo y lucha en la obra del mesías /cA. T. Robertson. aTexas :bCasa Bautista de Publicaciones,c[196?]. a173 p. ;c20 cm. aBNGR 001054708MOaGRbGRcCTd2011-02-23iLF1l0onn* nn*p25874-10r2020-06-25w2020-06-25y4ZPréstamo en sala c25366d25366